<?xml version="1.0" encoding="UTF-8"?>
<record
    xmlns:xsi="http://www.w3.org/2001/XMLSchema-instance"
    xsi:schemaLocation="http://www.loc.gov/MARC21/slim http://www.loc.gov/standards/marcxml/schema/MARC21slim.xsd"
    xmlns="http://www.loc.gov/MARC21/slim">

  <leader>01183nam a22002417a 4500</leader>
  <controlfield tag="003">BPGM</controlfield>
  <controlfield tag="008">260619b2008    mx bj||| |||| 001 0 spa d</controlfield>
  <datafield tag="040" ind1=" " ind2=" ">
    <subfield code="a">QUERETARO </subfield>
    <subfield code="b">spa</subfield>
  </datafield>
  <datafield tag="041" ind1=" " ind2=" ">
    <subfield code="a">spa</subfield>
  </datafield>
  <datafield tag="082" ind1="0" ind2="4">
    <subfield code="2">920.72 /</subfield>
    <subfield code="a"> M828c  2008</subfield>
  </datafield>
  <datafield tag="100" ind1=" " ind2=" ">
    <subfield code="a">GUTI&#xC9;RREZ GRAGEDA, BLANCA</subfield>
    <subfield code="e">COORDINADORA</subfield>
  </datafield>
  <datafield tag="245" ind1=" " ind2=" ">
    <subfield code="a">LA CONSTITUCION DE LA DEMOCRACIA</subfield>
    <subfield code="b">EN QUER&#xC9;TARO: 1824-1991</subfield>
  </datafield>
  <datafield tag="250" ind1=" " ind2=" ">
    <subfield code="a">PRIMERA EDICION</subfield>
    <subfield code="b">2008</subfield>
  </datafield>
  <datafield tag="260" ind1=" " ind2=" ">
    <subfield code="a">QUER&#xC9;TARO ; </subfield>
    <subfield code="b">UNIVERSIDAD AUTONOMA DE QUERETARO ,</subfield>
    <subfield code="c">2008 .</subfield>
  </datafield>
  <datafield tag="300" ind1=" " ind2=" ">
    <subfield code="a">388 p&#xE1;ginas</subfield>
    <subfield code="c">21.3 cm  x 17.2 cm </subfield>
  </datafield>
  <datafield tag="336" ind1=" " ind2=" ">
    <subfield code="2">rdacontent</subfield>
    <subfield code="a">texto</subfield>
    <subfield code="b">txt</subfield>
  </datafield>
  <datafield tag="337" ind1=" " ind2=" ">
    <subfield code="2">rdamedia</subfield>
    <subfield code="a">sin mediaci&#xF3;n</subfield>
    <subfield code="b">n</subfield>
  </datafield>
  <datafield tag="338" ind1=" " ind2=" ">
    <subfield code="2">rdacarrier</subfield>
    <subfield code="a">volumen </subfield>
    <subfield code="b">nc</subfield>
  </datafield>
  <datafield tag="505" ind1=" " ind2=" ">
    <subfield code="a">LA CONSTRUCCI&#xD3;N DE LA DEMOCRACIA EN QUER&#xC9;TARO (1824-1991) ES UNA OBRA HIST&#xD3;RICA Y SOCIOL&#xD3;GICA COORDINADA POR BLANCA GUTI&#xC9;RREZ GRAGEDA, MARTAGLORIA MORALES GARZA Y EVARISTO MART&#xCD;NEZ CLEMENTE. EL LIBRO EXPLICA QUE LA DEMOCRACIA EN EL ESTADO NO APARECI&#xD3; DE LA NOCHE A LA MA&#xD1;ANA, SINO QUE FUE EL RESULTADO DE UNA LARGA TENSI&#xD3;N ENTRE EL CONTROL POL&#xCD;TICO DE LAS &#xC9;LITES Y LAS DEMANDAS DE APERTURA DE LA SOCIEDAD.</subfield>
  </datafield>
  <datafield tag="650" ind1=" " ind2=" ">
    <subfield code="a">GEOGRAF&#xCD;A E HISTORIA</subfield>
  </datafield>
  <datafield tag="650" ind1=" " ind2=" ">
    <subfield code="a">BIOGRAF&#xCD;A, GENEALOG&#xCD;A, INSIGNIAS</subfield>
  </datafield>
  <datafield tag="942" ind1=" " ind2=" ">
    <subfield code="2">ddc</subfield>
    <subfield code="c">COLQ</subfield>
  </datafield>
  <datafield tag="952" ind1=" " ind2=" ">
    <subfield code="0">0</subfield>
    <subfield code="1">0</subfield>
    <subfield code="2">ddc</subfield>
    <subfield code="4">0</subfield>
    <subfield code="7">2</subfield>
    <subfield code="8">ESPQ</subfield>
    <subfield code="a">BPCEFC</subfield>
    <subfield code="b">BPCEFC</subfield>
    <subfield code="c">SALA QUER&#xC9;TARO ACCESO B PLANTA ALTA</subfield>
    <subfield code="d">2026-06-19</subfield>
    <subfield code="l">0</subfield>
    <subfield code="o"> 920.72/ M828c  2008</subfield>
    <subfield code="r">2026-06-19 20:22:57</subfield>
    <subfield code="t">EJ.1</subfield>
    <subfield code="w">2026-06-19</subfield>
    <subfield code="y">COLQ</subfield>
  </datafield>
  <datafield tag="999" ind1=" " ind2=" ">
    <subfield code="c">68651</subfield>
    <subfield code="d">68651</subfield>
  </datafield>
</record>
